00640nam a2200181Ia 4500008004100000020001500041041001200056082002200068100002300090245004100113250001200154260005200166300001000218650001800228942000700246999001900253952018600272231217s9999 xx 000 0 und d a818868970X aEnglish a670.42 WAK;2 R1 aWakil, Sherif D El 0aProcess and design for manufacturing a2nd ed. c2006bOverseas Press India Pvt. Ltd.aNew Delhi ax+614 aManufacturing cAA c178905d178905 r2024-01-26 00:00:00l0o670.42 WAK;2 R1p44700v476.00w2024-01-26yAA1040708CL00aMLbMLcCLd2007-04-17ePrism Booksg595.00EME/PGKCRB/0004109L11/09/2008GRSF1V119W20